Pokédex de Couronneige - Statistiques

Statistiques générales
  • Ce quiz a été pris 36 fois
  • Le résultat moyen est 173 sur 210
Statistiques - réponses
Numéro Pokémon % Correct
085 Amagara
100%
124 Amonistar
100%
123 Amonita
100%
185 Anorith
100%
186 Armaldo
100%
202 Artikodin de Galar
100%
188 Barpau
100%
002 Beldeneige
100%
040 Bibichut
100%
164 Bleuseille
100%
032 Blizzaroi
100%
208 Blizzeval
100%
031 Blizzi
100%
033 Brocélôme
100%
041 Chapotus
100%
176 Charbi
100%
205 Cobaltium
100%
008 Cochignon
100%
165 Corvaillus
100%
034 Desséliande
100%
029 Dimoret
100%
111 Dispareptil
100%
168 Doudouvet
100%
113 Draby
100%
114 Drackhaus
100%
195 Draco
100%
196 Dracolosse
100%
086 Dragmara
100%
115 Drattak
100%
203 Électhor de Galar
100%
017 Élekable
100%
015 Élekid
100%
016 Élektek
100%
110 Fantyrm
100%
169 Farfaduvet
100%
028 Farfuret
100%
001 Frissonille
100%
156 Fulgudog
100%
192 Galegon
100%
191 Galekid
100%
193 Galeking
100%
172 Goinfrex
100%
142 Grelaçon
100%
179 Grindur
100%
030 Hexagel
100%
125 Kabuto
100%
126 Kabutops
100%
161 Kaimorse
100%
112 Lanssorien
100%
183 Lilia
100%
013 Lippouti
100%
014 Lippoutou
100%
190 Lokhlass
100%
020 Maganon
100%
018 Magby
100%
019 Magmar
100%
009 Mammochon
100%
007 Marcacrin
100%
131 Métalosse
100%
130 Métang
100%
012 M.Glaquette
100%
189 Milobellus
100%
010 Mime.Jr
100%
194 Minidraco
100%
163 Minisange
100%
011 M.Mime de Galar
100%
027 Momartik
100%
178 Monthracite
100%
021 Nanméouïe
100%
180 Noacier
100%
159 Obalie
100%
026 Oniglali
100%
160 Phogleur
100%
122 Polagriffe
100%
121 Polarhume
100%
127 Ptéra
100%
083 Ptyranidur
100%
198 Regice
100%
201 Regidrago
100%
200 Regieleki
100%
197 Regirock
100%
199 Registeel
100%
187 Relicanth
100%
084 Rexillius
100%
173 Ronflex
100%
143 Séracrawl
100%
022 Sorbébé
100%
024 Sorbouboul
100%
023 Sorboul
100%
042 Sorcilence
100%
209 Spectreval
100%
025 Stalgamin
100%
204 Sulfura de Galar
100%
210 Sylveroy
100%
129 Terhal
100%
206 Terrakium
100%
184 Vacilys
100%
207 Viridium
100%
155 Voltoutou
100%
177 Wagomine
100%
107 Absol
75%
150 Aéroptéryx
75%
102 Aflamanoir
75%
039 Angoliath
75%
075 Aquali
75%
091 Araqua
75%
149 Arkéapti
75%
061 Barbicha
75%
060 Barloche
75%
090 Bekaglaçon
75%
059 Bétochef
75%
182 Bruyverne
75%
120 Cadoizo
75%
147 Carapagos
75%
118 Carchacrok
75%
117 Carmache
75%
108 Charibari
75%
057 Charpenti
75%
137 Diamat
75%
089 Dolman
75%
119 Drakkarmin
75%
074 Évoli
75%
101 Fermite
75%
038 Fourbelin
75%
106 Galopa de Galar
75%
081 Givrali
75%
154 Golemastoc
75%
116 Griknot
75%
099 Grillepattes
75%
037 Grimalin
75%
153 Gringolem
75%
073 Ixon
75%
063 Léviator
75%
072 Linéon de Galar
75%
062 Magicarpe
75%
148 Mégapagos
75%
055 Méios
75%
078 Mentali
75%
157 Morpeko
75%
004 Moumouflon
75%
003 Moumouton
75%
175 Mysdibule
75%
070 Nidoking
75%
067 Nidoqueen
75%
065 Nidoran♀
75%
068 Nidoran♂
75%
066 Nidorina
75%
069 Nidorino
75%
079 Noctali
75%
145 Nosferalto
75%
144 Nosferapti
75%
146 Nostenfer
75%
054 Nucléos
75%
082 Nymphali
75%
058 Ouvrifier
75%
109 Pachyradjah
75%
080 Phyllali
75%
133 Polthégeist
75%
105 Ponyta de Galar
75%
077 Pyroli
75%
005 Rongourmand
75%
006 Rongrigou
75%
100 Scolocendre
75%
136 Solochi
75%
181 Sonistrelle
75%
047 Spiritomb
75%
128 Strassie
75%
056 Symbios
75%
092 Tarenbulle
75%
174 Ténéfix
75%
132 Théffroi
75%
138 Trioxhydre
75%
076 Voltali
75%
071 Zigzaton de Galar
75%
036 Altaria
50%
088 Archéodong
50%
087 Archéomire
50%
151 Balbuto
50%
064 Bargantua
50%
167 Blancoton
50%
095 Carabing
50%
170 Caratroc
50%
104 Darumacho de Galar
50%
103 Darumarond de Galar
50%
139 Embrylex
50%
097 Escargaume
50%
048 Funécire
50%
152 Kaorine
50%
096 Lançargot
50%
098 Limaspeed
50%
050 Lugulabre
50%
049 Mélancolux
50%
043 Mélo
50%
045 Mélodelfe
50%
044 Mélofée
50%
052 Mesmérella
50%
046 Mimiqui
50%
094 Mygavolt
50%
051 Scrutella
50%
053 Sidérella
50%
093 Statitik
50%
166 Tournicoton
50%
035 Tylton
50%
141 Tyranocif
50%
158 Wattapik
50%
140 Ymphect
50%
135 Lucario
25%
134 Riolu
25%
162 Sinistrail
25%
171 Wimessir
25%
Aucun quiz correspondant
Distribution des résultats
% des personnes avec chaque résultat
Percentile par nombre de réponses
Votre historique - résultats
Vous n’avez pas pris ce quiz